| 000 | 00000nam 2200000za 4500 |
| 001 | 9.607895 |
| 003 | CaOODSP |
| 005 | 20250403105222 |
| 007 | cr ||||||||||| |
| 008 | 150406|2008||||xxc|||||o f|0| 0 fre d |
| 022 | |a1709-822X |
| 040 | |aCaOODSP|bfre |
| 043 | |an-cn--- |
| 086 | 1 |aCS11-522/2008F-HTML |
| 245 | 00|aSymposium 2008 : Collecte des données : défis, réalisations et nouvelles orientations |h[ressource électronique] |
| 260 | |aOttawa - Ontario : |bStatistique Canada |
| 490 | 1 |aLa série des symposiums internationaux de Statistique Canada - recueil |x1709-822X|v24e [2008001] |
| 590 | |a14-19-Supp|b2014-11-03 |
| 710 | 2 |aStatistique Canada. |
| 830 | #0|aSérie des symposiums internationaux de Statistique Canada,|x1709-822X|v24e [2008001]|w(CaOODSP)9.501374 |
| 856 | 40|uhttp://www.statcan.gc.ca/pub/11-522-x/11-522-x2008000-fra.htm|sN/A|qHTML |